Human trafficking : (Record no. 145244)

MARC details
000 -LEADER
fixed length control field 00859nam a22002057a 4500
005 - DATE AND TIME OF LATEST TRANSACTION
control field 20201110155332.0
010 ## - LCCN (DPL NO)
LC control number 1718EN-30 B-689800-208 ENG-125264
020 ## - INTERNATIONAL STANDARD BOOK NUMBER
International Standard Book Number 9788182208728
Terms of availability 950.00
035 ## - SYSTEM CONTROL NUMBER
System control number B-689800-208 EN-108796
037 ## - SOURCE OF ACQUISITION
Source of stock number/acquisition Global Vision Pub.
Stock number dpl
082 ## - DEWEY DECIMAL CLASSIFICATION NUMBER
Classification number 364.15
100 ## - MAIN ENTRY--PERSONAL NAME
Personal name Perera, Ariyapala
245 ## - TITLE STATEMENT
Title Human trafficking :
Remainder of title a crime that shame humanity /
Statement of responsibility, etc by Ariyapala Perera
260 ## - PUBLICATION, DISTRIBUTION, ETC. (IMPRINT)
Place of publication, distribution, etc New Delhi
Name of publisher, distributor, etc Global Vision Pub.
Date of publication, distribution, etc 2017
270 ## - ADDRESS
Address 20, Ansari Road, Daryaganj,
City New Delhi
Postal code 110002
300 ## - PHYSICAL DESCRIPTION
Extent viii,213p.
Dimensions 23cm(pbk)
500 ## - GENERAL NOTE
General note Includes bibliographical references and index
942 ## - ADDED ENTRY ELEMENTS (KOHA)
Source of classification or shelving scheme Dewey Decimal Classification
Item type English Books
Call number suffix PER
Classification part 364.15
Holdings
Withdrawn status Lost status Not for loan Collection code Home library Current library Date acquired Source of acquisition Cost, normal purchase price Full call number Barcode Copy number Koha item type Cost, replacement price
      Non-fiction Ashok Vihar Ashok Vihar 13/06/2018 Global Vision Pub/15118/29.11.17/646/20.11.17/27.01.18 950.00 364.15 PER B-689201 1 English Books  
      Non-fiction Bawana Bawana 13/06/2018 Global Vision Pub/15118/29.11.17/646/20.11.17/27.01.18 950.00 364.15 PER B-689208 1 English Books  
      Non-fiction Central Library Central Library 13/06/2018 Global Vision Pub/15118/29.11.17/646/20.11.17/27.01.18 950.00 364.15 PER B-689200 1 English Books  
      Non-fiction Janak Puri Janak Puri 13/06/2018 Global Vision Pub/15118/29.11.17/646/20.11.17/27.01.18 950.00 364.15 PER B-689206 1 English Books  
      Non-fiction Kasturba Gandhi Marg Kasturba Gandhi Marg 13/06/2018 Global Vision Pub/15118/29.11.17/646/20.11.17/27.01.18 950.00 364.15 PER B-689203 1 English Books  
      Non-fiction Narela Narela 13/06/2018 Global Vision Pub/15118/29.11.17/646/20.11.17/27.01.18 950.00 364.15 PER B-689207 1 English Books  
      Non-fiction Patel Nagar Patel Nagar 13/06/2018 Global Vision Pub/15118/29.11.17/646/20.11.17/27.01.18 950.00 364.15 PER B-689202 1 English Books  
      Non-fiction Peshwa Road Peshwa Road 13/06/2018 Global Vision Pub/15118/29.11.17/646/20.11.17/27.01.18 950.00 364.15 PER B-689204 1 English Books  
      Non-fiction Sarojini Nagar Sarojini Nagar 22/05/2019 DBAD/PUB 950.00 364.15 PER EN-108796 1 English Books 0.00
      Non-fiction Tri Nagar Tri Nagar 13/06/2018 Global Vision Pub/15118/29.11.17/646/20.11.17/27.01.18 950.00 364.15 PER B-689205 1 English Books  

© Delhi Public Library
Hit Counter
free hit counter